The gift of fear : and other survival signals that protect us from violence /

Bibliographic Details
Main Author: De Becker, Gavin
Corporate Author: Bantam Doubleday Dell Publishing Group, Inc
Format: Book
Language:English
Published: New York : Dell Pub., [1998]
Edition:1st ed.
Subjects:

MARC

Tag First Indicator Second Indicator Subfields
LEADER 00000cam a2200000Ia 4500
001 in00001807821
005 20151026052039.0
008 980526s1998 mau b 001 0 eng d
020 |a 0440226198 
035 |a (OCoLC)ocm39177762 
040 |a YVO  |c YVO  |d VET  |d KRS  |d OCLCQ  |d UtOrBLW 
049 |a TXAM 
082 0 0 |a 362.88  |2 21 
090 |a HM281  |b .D36 1998 
096 |a HM 1116 D278 1998 
100 1 |a De Becker, Gavin. 
245 1 4 |a The gift of fear :  |b and other survival signals that protect us from violence /  |c Gavin de Becker. 
250 |a 1st ed. 
264 1 |a New York :  |b Dell Pub.,  |c [1998] 
264 4 |c ©1998 
300 |a x, 420 pages ;  |c 18 cm. 
336 |a text  |b txt  |2 rdacontent 
337 |a unmediated  |b n  |2 rdamedia 
338 |a volume  |b nc  |2 rdacarrier 
504 |a Includes bibliographical references and index. 
650 0 |a Violence  |x Psychological aspects. 
650 0 |a Victims of crimes  |x Psychology. 
650 0 |a Women  |x Crimes against. 
650 0 |a Violent crimes  |x Psychological aspects. 
650 0 |a Fear. 
650 0 |a Intuition. 
650 2 |a Crime Victims  |x psychology. 
650 2 |a Fear. 
650 2 |a Intuition. 
650 2 |a Psychology, Social. 
650 2 |a Violence. 
710 2 |a Bantam Doubleday Dell Publishing Group, Inc. 
994 |a E0  |b TXA 
948 |a cataloged  |b h  |c 2004/3/25  |d c  |e bwalker  |f 9:58:41 am 
999 |a MARS 
999 f f |s f419e84e-4683-33f4-b475-78d7f9fcdc03  |i fdfd105a-8663-3689-8526-5e9470b675ef  |t 0 
952 f f |p normal  |a Texas A&M University  |b College Station  |c Sterling C. Evans Library  |d Evans: Library Stacks  |t 0  |e HM281 .D36 1998  |h Library of Congress classification  |i unmediated -- volume  |m A14831060072 
998 f f |a HM281 .D36 1998  |t 0  |l Evans: Library Stacks